Manual de Ingenieria de la producción industrial / (Record no. 101241)
[ view plain ]
| 000 -LEADER | |
|---|---|
| campo de control de longitud fija | 01142nam a2200217 i 4500 |
| 001 - NÚMERO DE CONTROL | |
| campo de control | 101241 |
| 003 - IDENTIFICADOR DE NÚMERO DE CONTROL | |
| campo de control | ES-MaACL |
| 005 - FECHA Y HORA DE LA ÚLTIMA TRANSACCIÓN | |
| campo de control | 20230906182843.0 |
| 007 - CAMPO FIJO DE DESCRIPCIÓN FÍSICA--INFORMACIÓN GENERAL | |
| campo de control de longitud fija | t| |
| 008 - DATOS DE LONGITUD FIJA--INFORMACIÓN GENERAL | |
| campo de control de longitud fija | 051014m19601963sp ||||1| spa d |
| 100 1# - ENTRADA PRINCIPAL--NOMBRE DE PERSONA | |
| Nombre de persona | Maynard, Harold Bright. |
| 9 (RLIN) | 79384 |
| 245 10 - MENCIÓN DEL TÍTULO | |
| Título | Manual de Ingenieria de la producción industrial / |
| Mención de responsabilidad, etc. | Harold B. Maynard; director de la versión española José Capmany Arbat...; prólogo... Agustin Plana Sancho... |
| 260 ## - PUBLICACIÓN, DISTRIBUCIÓN, ETC. | |
| Lugar de publicación, distribución, etc. | Barcelona : |
| Nombre del editor, distribuidor, etc. | Reverté, |
| Fecha de publicación, distribución, etc. | 1960-63. |
| 300 ## - DESCRIPCIÓN FÍSICA | |
| Extensión | 8 v. : |
| Otras características físicas | il. ; |
| Dimensiones | 22 cm. |
| 500 ## - NOTA GENERAL | |
| Nota general | Son los v. 1-8. |
| 505 8# - NOTA DE CONTENIDO CON FORMATO | |
| Nota de contenido con formato | Contiene: 1. Función de la ingenieria de la producción industrial (XVI, 94 p.) -- 2. Métodos (174 p.) -- 3. Medición de trabajo (284 p.) -- 4. Tiempos tipo elementales predeterminados (124 p.)-- 5. Pago de salarios (134 p.) -- 6. Métodos de control (214 p.) -- 7. Proyecto y medios de fabricación (189 p.) -- 8. Otros aspectos de la ingeniería de la producción industrial (349 p.) |
| 650 04 - PUNTO DE ACCESO ADICIONAL DE MATERIA--TÉRMINO DE MATERIA | |
| Término de materia o nombre geográfico como elemento de entrada | Gestión de la producción. |
| 9 (RLIN) | 13114 |
| 700 1# - ENTRADA AGREGADA--NOMBRE PERSONAL | |
| Nombre de persona | Capmany Arbat, José. |
| 9 (RLIN) | 34867 |
| 700 1# - ENTRADA AGREGADA--NOMBRE PERSONAL | |
| Nombre de persona | Plana Sancho, Agustín. |
| 9 (RLIN) | 92518 |
| 852 ## - LOCALIZACIÓN | |
| Ubicación | ES-MaACL |
| Número de control de estantería | P-813-bis |
| Sublocalización o colección | R.48369 |
| Estatus retirado | Estado de pérdida | Estado de daño | No para préstamo | Biblioteca de origen | Biblioteca actual | Ubicación en estantería | Fecha de adquisición | Fuente de adquisición | Total de préstamos | Signatura topográfica completa | Código de barras | Visto por última vez | Precio de reemplazo | Tipo de ítem Koha |
|---|---|---|---|---|---|---|---|---|---|---|---|---|---|---|
| Biblioteca del Ateneo de Madrid | Biblioteca del Ateneo de Madrid | Depósito 2 | 17/01/2008 | P-813-bis | 1105699 | 23/02/2023 | 23/02/2023 | Libro impreso |
